00439nam a2200157Ia 4500003000400000005001700004008004100021020001400062050002500076100002700101245007000128260003500198300003300233521000700266526000800273OSt20140313132951.0140130s9999 xx 000 0 und d a051624117 aPZ 8.3b.M224Md 1998 aMcKissack, Patricia C. cMcKissack, Patricia C.aMessy bessey and the birthday overnight / bScholastic,c1998.aNew York : a31 p. :bcol. ill. ;c18 cm. aG2 c490